000 00824nam a22001817a 4500
999 _c59019
_d59019
003 Ge_BSU
005 20221031162258.0
008 221031b xxu||||| |||| 00| 0 geo d
041 _ageo
080 _a339.9(075.8) ჯ-67
100 _aჯოლია, გურამ
_915679
245 _aსაერთაშორისო ეკონომიკური ურთიერთობები :
_b სახელმძღვ. სტუ-ს სტუდ. /
_c გურამ ჯოლია.
264 _aთბილისი :
_b [მეცნიერება],
_c2002.
300 _a272 გვ. :
_bცხრ. ;
_c20 სმ.
504 _aბიბლიოგრ.: გვ. 271-272.
653 _aსაგარეო ეკონომიკური ურთიერთობები
942 _2udc
_cBK